The astrophysics of emission-line stars / (Record no. 29861)

000 -LEADER
fixed length control field 00764 a2200193 4500
020 ## - INTERNATIONAL STANDARD BOOK NUMBER
International Standard Book Number 0387345000
020 ## - INTERNATIONAL STANDARD BOOK NUMBER
International Standard Book Number 9780387345000
082 ## - DEWEY DECIMAL CLASSIFICATION NUMBER
Classification number 523.87
090 ## - LOCALLY ASSIGNED LC-TYPE CALL NUMBER (OCLC); LOCAL CALL NUMBER (RLIN)
-- 1248
-- 1248
100 1# - MAIN ENTRY--PERSONAL NAME
Personal name Kogure, Tomokazu.
245 14 - TITLE STATEMENT
Title The astrophysics of emission-line stars /
Statement of responsibility, etc. Tomokazu Kogure, Kam-Ching Leung.
260 ## - PUBLICATION, DISTRIBUTION, ETC.
Place of publication, distribution, etc. [S.l.] :
Name of publisher, distributor, etc. Springer,
Date of publication, distribution, etc. 2007.
300 ## - PHYSICAL DESCRIPTION
Extent 530 p. ;
Dimensions 24 cm.
490 1# - SERIES STATEMENT
Series statement Astrophysics and space science library) (astrophysics and space science library.
700 1# - ADDED ENTRY--PERSONAL NAME
Personal name Leung, Kam-Ching.
830 #0 - SERIES ADDED ENTRY--UNIFORM TITLE
Uniform title Astrophysics and space science library) (astrophysics and space science library.
942 ## - ADDED ENTRY ELEMENTS (KOHA)
Institution code [OBSOLETE] SNS
Koha item type Book
Call number prefix 523.87 KOG
Holdings
Withdrawn status Lost status Damaged status Not for loan Permanent Location Current Location Date acquired Total Checkouts Full call number Barcode Date last seen Price effective from Koha item type
        School of Natural Sciences (SNS) School of Natural Sciences (SNS) 05/26/2016   523.87 KOG SNS0001426 05/26/2016 05/26/2016 Book
© 2023 Central Library, National University of Sciences and Technology. All Rights Reserved.